000 00532nam a2200217Ia 4500
005 20250425162830.0
008 250425s9999 xx 000 0 und d
020 _a8432967017
041 _aspa
044 _asp
100 _aRAMÍREZ VÁZQUEZ, JOSÉ
245 0 _a101 ESQUEMAS DE CONTACTORES
250 _a2A ED.
264 _aEspaña, BARCELONA
_bCEAC
_c1981.
300 _a199
650 _aCONTACTORES
650 _aMOTORES DE CORRIENTE CONTINUA
650 _aPOTENCIA ELECTRICA
942 _c01
010 _a110923
999 _c237349
_d237349